| 000 | 00322nam a22001337a 4500 | ||
|---|---|---|---|
| 999 |
_c527273 _d527273 |
||
| 040 | _cNUST | ||
| 082 |
_22nd _a388.049 _bSCH |
||
| 100 |
_aSchiller L. Preston _918416 |
||
| 245 | _aAn introduction to sustainable transportation | ||
| 260 |
_bearthscan _c2018 |
||
| 300 | _bPB,ill,420 | ||
| 521 | _aPB | ||
| 942 |
_2ddc _cBK |
||